Fr. Conceicao Rodrigues College of Engineering

Metallurgical analysis (Record no. 28376)

MARC details
000 -LEADER
fixed length control field 00312nam a2200145Ia 4500
082 ## - DEWEY DECIMAL CLASSIFICATION NUMBER
Classification number 669.92
Item number LOR
100 ## - MAIN ENTRY--PERSONAL NAME
Personal name Lord/ N.W/ Demorest/D.J
245 ## - TITLE STATEMENT
Title Metallurgical analysis
260 ## - PUBLICATION, DISTRIBUTION, ETC.
Name of publisher, distributor, etc. McGraw Hill
Place of publication, distribution, etc. Newyork
Date of publication, distribution, etc. 1924
300 ## - PHYSICAL DESCRIPTION
Extent 472
546 ## - LANGUAGE NOTE
Language note ENGLISH
654 ## - SUBJECT ADDED ENTRY--FACETED TOPICAL TERMS
Focus term Analysis
942 ## - ADDED ENTRY ELEMENTS (KOHA)
Koha item type BOOK
Holdings
Withdrawn status Lost status Damaged status Not for loan Collection Home library Current library Date acquired Total Checkouts Full call number Barcode Date last seen Price effective from Koha item type
        AFT Fr. Agnel's C.Rodrigues College of Engineering Fr. Agnel's C.Rodrigues College of Engineering 17/03/2023   669.92 LOR AFT1499 17/03/2023 17/03/2023 BOOK